Statistiques concernant Culture Générale - Série 1093

Cliquez ici pour prendre le quiz!

Statistiques générales

  • Ce quiz a été pris 55 fois
  • Le résultat moyen est 6 sur 10

Statistiques - réponses

QuestionRéponse% Correct
Quel fruit "olivette", "coeur de pigeon" ou "coeur de boeuf", est le principal ingrédient du ketchup ?tomate
96%
Quand débuta le premier septennat de François Mitterrand ?1981
92%
Depuis quelle année les Françaises peuvent-elles voter ?1945
92%
Quelle pierre précieuse est une variété cristallisée de carbone pur ?diamant
81%
En quelle année la Déclaration des droits de l'homme a-t-elle été écrite ?1789
79%
Quelle est l’année de l’abolition définitive de l’esclavage en France ?1848
50%
Dans quel pays êtes-vous, si vous passez vos vacances sur les bords du Balaton, le plus grand lac d'Europe centrale ?Hongrie
48%
Le mot "là" désigne un ...adverbe
42%
En France, le ministère de l'Intérieur est situé à Paris, ...Place Beauvau
27%
La série "Les Shadoks" mettait en scène deux planètes : celle des Shadoks et celle des...Gibis
17%

Distribution des résultats

Percentile par nombre de réponses

% des personnes avec chaque résultat

Votre développement - résultats

Vous n’avez pas pris ce quiz